000 00750nam a2200241Ia 4500
001 11344
003 GE_BSU
008 181216s||||||||xx |||||||||||||| ||und||
020 _a9785894818146
040 _cGE_BSU
080 _a611(075.8)
100 _aСапин,М.Р; Г.Л.Билич.
245 _aНормальная Анатомия Человека.
245 _bУчебник;В2 Книгах;Кн.1.
245 _cГл.ред:А.С.Петров.
260 _aМосква.
260 _bМедицинское информационное агентство.
260 _c2010.
300 _a480стр;илл;21см.
541 _h79,50л.
653 _aНормальная Анатомия Человека.
942 _cBK
999 _c44541
_d44541